000 00675nam a2200265Ia 4500
001 4281
003 8461
005 20250306062535.0
008 ||||||n9999 ||| || ||
041 _aspa
082 _219
_a335
100 _aMandel, Ernest
_95068
245 0 _aEl maoismo sin carreta
_bRecopilacion de articulos de la prensa sovietica
260 _aRusia :
_bProgreso,
_c1970.
300 _a268p
562 _e2
650 0 _aFilosofía
_9708
650 _aMAO, TSE-TUNG, 1893-1976--CRÍTICA E INTERPRETACIÓN
_97766
650 0 _aMarxismo
_9776
650 0 _aSocialismo
_91058
942 _cBKM
999 _c4281
_d4281
526 _a4969
526 _a51868
526 _a1697